Statystyki dla Miasta w Polsce zaczynające się na „Szcz-”

Kliknij tutaj aby rozwiązać quiz!

Ogólne statystyki

  • Ten quiz został rozwiązany 241 razy
  • Średni wynik to 6 z 11

Statystyki odpowiedzi

L.p.MiastoLiczba ludnościWojewództwo% Poprawnych
1.Szczecin398 255zachodniopomorskie
100%
2.Szczecinek39 827zachodniopomorskie
81%
5.Szczawnica5 655małopolskie
75%
3.Szczytno22 813warmińsko-mazurskie
73%
8.Szczebrzeszyn4 962lubelskie
67%
4.Szczyrk5 711śląskie
64%
10.Szczekociny3 532śląskie
37%
9.Szczucin4 154małopolskie
32%
6.Szczawno-Zdrój5 534dolnośląskie
31%
7.Szczytna5 044dolnośląskie
20%
11.Szczuczyn3 341małopolskie
19%

Rozkład punktacji

Percentyl według liczby udzielonych odpowiedzi

Procent ludzi z każdym wynikiem

Twoja historia wyników

Nie rozwiązałeś tego quizu